000 00666nam a2200193 4500
001 132749
003 ES-MaACL
005 20230906194236.0
007 t|
008 070214m19491950cu r ||||1| spa d
100 1 _aRosell y Malpica, Eduardo.
_999690
245 1 0 _aDiario del teniente coronel Eduardo Rosell y Malpica
_b: (1895-1897).
260 _aLa Habana :
_b[s.n.],
_c1949-50 (
_fImp. del Siglo XX)
300 _a2 v. ;
_c25 cm.
500 _aPrecede al Tit : Academia de la Historia de Cuba.
505 8 _aContiene: Vol. I. En camino. Vol. II. En la guerra
710 2 _aAcademia de la Historia de Cuba.
_91183
852 _aES-MaACL
_jD-7170-71
_bR.27340
999 _c132749
_d132749